| 000 | 00937nmm a2200289 a 4500 | ||
|---|---|---|---|
| 001 | ocm0002347990 | ||
| 003 | TR-IsHL | ||
| 005 | 20201028185310.0 | ||
| 008 | 190906s2017 tu tur | ||
| 007 | cr cn | ||
| 020 | _a9786052022139 | ||
| 035 |
_a2347990 _b(N$T) |
||
| 050 | 0 | 4 |
_aPL248.G6 _bA48 2017 |
| 090 | 0 | 4 |
_aPL248.G6 _bA48 2017 |
| 100 | 1 | _aZiya Gökalp | |
| 245 | 1 | 0 |
_aAltın ışık _h[electronic resource] / _cZiya Gökalp ; editör Zeynep Akıncı |
| 250 | _a1. Baskı | ||
| 260 |
_aİstanbul : _bİlgi Kültür Sanat Yayıncılık , _c2017 |
||
| 300 | _a208 p. | ||
| 650 | 4 | _aDil ve Edebiyat | |
| 650 | 4 | _aLanguage and Literature | |
| 650 | 0 | _aKısa öyküler, Türk | |
| 650 | 0 | _aShort stories, Turkish | |
| 650 | 7 |
_aLITERARY COLLECTIONS / Middle Eastern _2bisacsh |
|
| 700 | 1 | _aAkıncı, Zeynep | |
| 856 | 4 | 0 | _uhttp://search.ebscohost.com/login.aspx?direct=true&scope=site&db=e011xww&AN=2347990 |
| 999 |
_c21399 _d21399 |
||